| 000 | 00666nam a2200241 a 4500 | ||
|---|---|---|---|
| 008 | |||
| 020 | _a5030002642 (hbk) | ||
| 049 | _aMAIN | ||
| 090 | _aQC23 | ||
| 245 | 1 | 0 |
_aElementary textbook on physics / _cedited by G.S. Landsberg. |
| 260 |
_aMoscow : _bMir Publishers Moscow, _c1889. |
||
| 300 | _a3rd ed. | ||
| 300 |
_a567p. : _bill. ; _c22 cm. |
||
| 500 | _aIncludes index. | ||
| 650 | _aAtomic and nuclear physics. | ||
| 650 | _aOptics. | ||
| 650 | 1 | _aOscillations and waves | |
| 907 |
_a.b10178442 _b15-10-05 _c05-10-05 |
||
| 003 | |||
| 005 | 20230123134122.0 | ||
| 040 | _cNUST | ||
| 942 |
_cBOOKS _kQC23 |
||
| 999 |
_c160352 _d160352 |
||